000 00431nam a2200181Ia 4500
001 8712
005 20260306160630.0
008 260306t2006||||xx |||||||||||||| ||spa||
041 _aESP
082 _a371.3
_bH84
100 _aHubeñák, Florencio
_eAUT
245 0 _aEl ABC de cómo hacer una monografía
260 _c2006
300 _a95 páginas :
_c22 cm.
650 _aGEN
654 _aCED
942 _cLIB
_dJUS
_fJUS
_2ddc
_n
999 _c8712
_d8712